000
00244 a2200109 4500
001
121079
040
_c
Escola Canadense de Niteroi
245
1
0
_a
Coleção de mapas dos estados brasileiros
650
4
_a
Mapa
650
4
_a
Brasil
942
_c
MATP
999
_c
121079
_d
121079